Catálogo

MESA REDONDA SOBRE EL PROBLEMA DE LA VIVIENDA EN LAS ... (Registro nro. 51741)

Detalles MARC
000 -LEADER
fixed length control field 00408nam a2200145 a 4500
001 - CONTROL NUMBER
control field 51741
005 - DATE AND TIME OF LATEST TRANSACTION
control field 20180714041315.0
008 - FIXED-LENGTH DATA ELEMENTS--GENERAL INFORMATION
fixed length control field 140415s1970 000 0 spa d
041 ## - LANGUAGE CODE
Language code of text/sound track or separate title spa
082 ## - DEWEY DECIMAL CLASSIFICATION NUMBER
Classification number 307
Item number MES
245 00 - TITLE STATEMENT
Title MESA REDONDA SOBRE EL PROBLEMA DE LA VIVIENDA EN LAS ...
260 ## - PUBLICATION, DISTRIBUTION, ETC.
Place of publication, distribution, etc. [s.l.] :
Name of publisher, distributor, etc. LITOGRAFIA,
Date of publication, distribution, etc. 1970
300 ## - PHYSICAL DESCRIPTION
Extent 404
650 14 - SUBJECT ADDED ENTRY--TOPICAL TERM
Topical term or geographic name entry element URBANIZACION
General subdivision VIVIENDA
-- ENCUESTAS
Existencias
Withdrawn status Lost status Source of classification or shelving scheme Damaged status Not for loan Collection code Home library Current library Shelving location Date acquired Source of acquisition Inventory number Total Checkouts Full call number Barcode Date last seen Price effective from Koha item type
    Dewey Decimal Classification     General Biblioteca Karol Wojtyla Biblioteca Karol Wojtyla Sala general 03/12/2013 Compra 151000000000000000052970   307 MES 7701 05/01/2026 03/12/2013 Libro